| 000 | 00725cam a2200217 4500500 | ||
|---|---|---|---|
| 005 | 20251228110202.0 | ||
| 041 | _afre | ||
| 042 | _adc | ||
| 100 | 1 | 0 |
_aDebray, Charlotte _eauthor |
| 700 | 1 | 0 |
_aDemoures, François-Xavier _eauthor |
| 700 | 1 | 0 |
_aMéda, Dominique _eauthor |
| 700 | 1 | 0 |
_aPeltier, Jérémie _eauthor |
| 700 | 1 | 0 |
_aSchmid, Lucile _eauthor |
| 700 | 1 | 0 |
_aBellaredj, Fatima _eauthor |
| 700 | 1 | 0 |
_aMaheu, Anna _eauthor |
| 245 | 0 | 0 | _aA-t-on encore besoin des think tanks aujourd’hui ? |
| 260 | _c2025. | ||
| 500 | _a43 | ||
| 786 | 0 | _nLa Tribune Fonda | 267 | 3 | 2025-09-29 | p. 18-23 | 1155-3626 | |
| 856 | 4 | 1 | _uhttps://shs.cairn.info/revue-la-tribune-fonda-2025-3-page-18?lang=fr&redirect-ssocas=7080 |
| 999 |
_c1606542 _d1606542 |
||